| 000 | 00669nam a2200217Ia 4500 | ||
|---|---|---|---|
| 003 | GCL | ||
| 005 | 20240530102510.0 | ||
| 008 | 140319s9999 xx 000 0 ara d | ||
| 040 |
_aGCL / _cGCL |
||
| 082 | 0 | 4 |
_a321.04 _bا ر |
| 100 | 0 | _aانور عبدالملك | |
| 245 | 1 | 0 |
_aريح الشرق / _cانور عبدالملك |
| 260 |
_a[S.N] : _bدار المستقبل العربى ، _c1983 |
||
| 300 | _a273 ص | ||
| 650 | 0 | 4 | _aالدول النامية |
| 650 | 0 | 4 | _aالليبرالية |
| 650 | 0 | 4 | _aالحضارة الاسلامية |
| 650 | 0 | 4 | _aالقومية العربية |
| 650 | 0 | 4 | _aالنظام العالمى الحديث |
| 942 |
_2ddc _cBK |
||
| 999 |
_c32702 _d32702 |
||